Refrigeration and Air Conditioning (Record no. 10697)

MARC details
000 -LEADER
fixed length control field 00390nam a22001697a 4500
003 - CONTROL NUMBER IDENTIFIER
control field OSt
008 - FIXED-LENGTH DATA ELEMENTS--GENERAL INFORMATION
fixed length control field 210703b ||||| |||| 00| 0 eng d
020 ## - INTERNATIONAL STANDARD BOOK NUMBER
International Standard Book Number 978122436945
082 ## - DEWEY DECIMAL CLASSIFICATION NUMBER
Classification number 521.57 PRR
100 ## - MAIN ENTRY--PERSONAL NAME
Personal name PRASAD,Manohar
245 ## - TITLE STATEMENT
Title Refrigeration and Air Conditioning
250 ## - EDITION STATEMENT
Edition statement 3rd
260 ## - PUBLICATION, DISTRIBUTION, ETC. (IMPRINT)
Place of publication, distribution, etc New Delhi
Name of publisher, distributor, etc New Age
Date of publication, distribution, etc 2021
300 ## - PHYSICAL DESCRIPTION
Extent 559
650 ## - SUBJECT ADDED ENTRY--TOPICAL TERM
Topical term or geographic name as entry element DE
942 ## - ADDED ENTRY ELEMENTS (KOHA)
Source of classification or shelving scheme Dewey Decimal Classification
Koha item type Text Books
650 ## - SUBJECT ADDED ENTRY--TOPICAL TERM
-- 3
Holdings
Withdrawn status Lost status Source of classification or shelving scheme Damaged status Not for loan Collection code Home library Current library Date acquired Source of acquisition Currency Cost, normal purchase price Bill Number Total Checkouts Full call number Acc. no. / Barcode Date last seen Actual Cost, discounted price Bill Date Koha item type
    Dewey Decimal Classification     Diploma in Mechanical PIET C-LIBRARY PIET C-LIBRARY 21/06/2021 Kirti Praskshan IN Rupees 440.00 IN2173   621.57 PRR DE1426 03/07/2021 308.00 21/06/2021 Text Books
    Dewey Decimal Classification     Diploma in Mechanical PIET C-LIBRARY PIET C-LIBRARY 21/06/2021 Kirti Praskshan IN Rupees 440.00 IN2173   621.57 PRR DE1427 03/07/2021 308.00 21/06/2021 Text Books
    Dewey Decimal Classification     Diploma in Mechanical PIET C-LIBRARY PIET C-LIBRARY 21/06/2021 Kirti Praskshan IN Rupees 440.00 IN2173   621.57 PRR DE1428 03/07/2021 308.00 21/06/2021 Text Books

Design & Developed by: PIET Central Library
R70 Miles Stone Pattikalyana Samalkha Panipat 132102
mail ID :- [email protected], Phone No:- 0180-2569700 Ex.216